« Retourner aux résultats de recherche
Coeurs de cailloux
roman
| Auteur principal: | Cécile Chartre |
|---|---|
| Support: | Livres |
| Langue: | Francais |
| Publié: |
2015 Alice Bruxelles |
| Genre: |
Roman Jeunesse |
| Collection: |
Le chapelier fou |
| Sujets: | |
| Étiquettes: |
Ajouter
Pas de Tags !
|
| LEADER | 00797nam0a2200205 450 | ||
|---|---|---|---|
| 001 | 16847116 | ||
| 010 | |a 978-2-87426-256-2 |b br. |d 11 | ||
| 100 | |a 20150617d2015 u u0frey01 ba | ||
| 101 | 0 | |a fre | |
| 102 | |a BE | ||
| 200 | 0 | |a Coeurs de cailloux |e roman |f Cécile Chartre | |
| 207 | 1 | |a | |
| 210 | |a Bruxelles |c Alice |d 2015 | ||
| 215 | |a 1 vol. (61 p.) |d 21 x 14 cm | ||
| 225 | 1 | |a Le chapelier fou | |
| 330 | |a Une vieille femme qui s'installe tous les jours sur un banc face à la mer, répond au lycéen, qui l'interroge un jour, qu'elle à 19 ans et attend Théodore, parti en mer. Electre 2015 | ||
| 700 | 0 | |a Chartre |b Cécile |4 70 | |
| 900 | |a Roman Jeunesse | ||
| 901 | |a Accessible au prêt | ||
| 995 | |a Bibliothèque |c Bibliothèque |f 00156008776387 |h 00156008776387 |k J CHA |o p |q j |r az |e Bibliothèque | ||
